South Asia in New Economic Order: (Record no. 530104)
[ view plain ]
| 000 -LEADER | |
|---|---|
| fixed length control field | 00401nam a22001457a 4500 |
| 003 - CONTROL NUMBER IDENTIFIER | |
| control field | NUST |
| 020 ## - INTERNATIONAL STANDARD BOOK NUMBER | |
| International Standard Book Number | 9789696291527 |
| Qualifying information | H/B. |
| 038 ## - RECORD CONTENT LICENSOR | |
| Staff Name | waseem |
| 082 ## - DEWEY DECIMAL CLASSIFICATION NUMBER | |
| Classification number | 330 |
| Author Mark | MEH |
| 100 ## - MAIN ENTRY--PERSONAL NAME | |
| Personal name | Mehar, Ayub |
| 9 (RLIN) | 23449 |
| 245 ## - TITLE STATEMENT | |
| Title | South Asia in New Economic Order: |
| Remainder of title | Liberalization process / |
| Statement of responsibility, etc. | Ayub Mehar |
| 260 ## - PUBLICATION, DISTRIBUTION, ETC. | |
| Place of publication, distribution, etc. | Islamabad : |
| Name of publisher, distributor, etc. | Economic freedom Network Pakistan, |
| Date of publication, distribution, etc. | 2014. |
| 300 ## - PHYSICAL DESCRIPTION | |
| Extent | 217 p. ; |
| 942 ## - ADDED ENTRY ELEMENTS (KOHA) | |
| Source of classification or shelving scheme | |
| Koha item type | Book |
| Withdrawn status | Lost status | Source of classification or shelving scheme | Damaged status | Not for loan | Permanent Location | Current Location | Shelving location | Date acquired | Source of acquisition | Total Checkouts | Full call number | Barcode | Date last seen | Price effective from | Koha item type | Date last checked out |
|---|---|---|---|---|---|---|---|---|---|---|---|---|---|---|---|---|
| Central Library (CL) | Central Library (CL) | Economics | 10/10/2019 | Donation | 330 MEH | CL-D-658 | 10/10/2019 | 10/10/2019 | Book | |||||||
| Central Library (CL) | Central Library (CL) | Economics | 10/10/2019 | Donation | 330 MEH | CL-D-659 | 10/10/2019 | 10/10/2019 | Reference | |||||||
| Central Library (CL) | Central Library (CL) | Economics | 01/30/2020 | Donation | 1 | 330 MEH | CL-D-875 | 06/20/2021 | 01/30/2020 | Book | 03/02/2020 |
